The Tinder Box / (Record no. 14407)
[ view plain ]
| 000 -LEADER | |
|---|---|
| fixed length control field | 00715nam a22002537a 4500 |
| 001 - CONTROL NUMBER | |
| JCCL Control Number | 14407 |
| 003 - CONTROL NUMBER IDENTIFIER | |
| JCCL marc code | BD-JhCC |
| 005 - DATE AND TIME OF LATEST TRANSACTION | |
| control field | 20251009104023.0 |
| 008 - FIXED-LENGTH DATA ELEMENTS--GENERAL INFORMATION | |
| fixed length control field | 251009b |||||||| |||| 00| 0 eng d |
| 020 ## - INTERNATIONAL STANDARD BOOK NUMBER | |
| International Standard Book Number | 9780141398044 |
| 035 ## - SYSTEM CONTROL NUMBER | |
| system control number | (BD-JhCC) 14407 |
| 040 ## - CATALOGING SOURCE | |
| Original cataloging agency | BD-JhCC |
| Modifying agency | BD-JhCC |
| 041 ## - LANGUAGE CODE | |
| Language code of Book | eng |
| 082 ## - DEWEY DECIMAL CLASSIFICATION NUMBER | |
| DDC Edition number | 23 |
| Classification number | 823.92 |
| Author mark and Year | AND |
| 100 ## - MAIN ENTRY--PERSONAL NAME | |
| Personal name | Andersen,Hans Christian |
| 245 ## - TITLE STATEMENT | |
| Title | The Tinder Box / |
| Statement of responsibility, etc | Hans Christian Andersen |
| 260 ## - PUBLICATION, DISTRIBUTION, ETC. (IMPRINT) | |
| Place of publication, distribution, etc | London : |
| Name of publisher, distributor, etc | Penguin Classics, |
| Date of publication, distribution, etc | 2015 |
| 300 ## - PHYSICAL DESCRIPTION | |
| Pagination | 54 p.; |
| Dimensions | 16 cm |
| Accompanying material | Paper binding |
| 490 ## - SERIES STATEMENT | |
| Series statement | Penguin Little black Classics |
| Volume number/sequential designation | 23 |
| 650 ## - SUBJECT ADDED ENTRY--TOPICAL TERM | |
| Topical term or geographic name as entry element | Children's stories in English, 1900- Texts |
| 650 ## - SUBJECT ADDED ENTRY--TOPICAL TERM | |
| Topical term or geographic name as entry element | Fairy tales |
| 650 ## - SUBJECT ADDED ENTRY--TOPICAL TERM | |
| Topical term or geographic name as entry element | Histoires pour enfants |
| 942 ## - ADDED ENTRY ELEMENTS (KOHA) | |
| Source of classification or shelving scheme | Dewey Decimal Classification |
| Koha item type | Books |
| Source of classification or shelving scheme | Damaged status | Not for loan | Collection code | Home library | Current library | Shelving location | Date of accession | Total Checkouts | Full call number | Barcode | Date last seen | Copy number | Method of acquisition | Koha item type | Currency |
|---|---|---|---|---|---|---|---|---|---|---|---|---|---|---|---|
| Dewey Decimal Classification | Fiction | JCC Rouf Library | JCC Rouf Library | General Stacks | 823.92 AND | 20126 | 10/09/2025 | C-1 | Purchase | Books | BDT |